Expresné zmeny v legislatíve ochrany osobných údajov
Ochrana osobných údajov sa opäť raz nezanedbateľne zmenila. Iba 9 a pol mesiaca bol účinný nový zákon č. 122/2013 Z. z. o ochrane osobných údajov a o zmene a doplnení niektorých zákonov , kým bol novelizovaný.
Salvato in:
| Autore principale: | |
|---|---|
| Natura: | Capitolo di libro |
| Lingua: | slovacco |
| Soggetti: | |
| Tags: |
Nessun Tag, puoi essere il primo ad aggiungerne!!
|
MARC
| LEADER | 00000naa a2200000 4500 | ||
|---|---|---|---|
| 001 | 0188814 | ||
| 005 | 20231208090356.0 | ||
| 041 | 0 | |a slo | |
| 044 | |a SK | ||
| 245 | 1 | 0 | |a Expresné zmeny v legislatíve ochrany osobných údajov |c Tomáš Mičo |
| 520 | |a Ochrana osobných údajov sa opäť raz nezanedbateľne zmenila. Iba 9 a pol mesiaca bol účinný nový zákon č. 122/2013 Z. z. o ochrane osobných údajov a o zmene a doplnení niektorých zákonov , kým bol novelizovaný. | ||
| 610 | 2 | 0 | |a legislatíva |
| 610 | 2 | 0 | |a Slovensko |
| 610 | 2 | 0 | |a novelizácia |
| 610 | 2 | 0 | |a ochrana údajov osobných |
| 100 | 1 | |a Mičo, Tomáš | |